000 00802nam a2200253 a 4500
001 44916
003 BD-RjUL
005 20211209053933.0
008 160721s1959 enka 000 0 eng
035 _a(BD-RjUL)45034
035 _a(OCoLC)1555458
040 _aDLC
_cFJUNF
_dOCoLC
_dUk
_dDLC
_dBD-RjUL
_beng
041 _aeng
082 _223
_a338.52
_bOXF 1959
245 1 0 _aOxford studies in the price mechanism,
_cedited by T. Wilson and P.W.S. Andrews.
260 _aOxford :
_bClarendon Press,
_c1959.
300 _axv, 274 p. :
_bill. ;
_c24 cm.
650 0 _aPrices.
_9137646
650 0 _aInterest.
_9137647
700 1 _aWilson, Thomas,
_d1916-
_eed.
_9131698
700 1 _aAndrews, P. W. S.
_q(Philip Walter Sawford),
_d1914-1971,
_ejoint ed.
_9137648
942 _2ddc
_cBK
999 _c44916
_d44916